Historia de la filosofía Siglo XXI : el pensamiento prefilosófico y oriental : Egipto, Mesopotamia, Palestina, India, China /

Colección de estudios de historia de la filosofía bajo la dirección e Brice Parain los primeros cuatro volúmenes, y luego bajo Yvon Belaval, el resto de los once que la componen. La labor de razonar es tan antigua como el hombre, pero los maneras propias de llevarla a cabo y de comunicarla son espec...

Descripció completa

Guardat en:
Dades bibliogràfiques
Autor principal: Yoyote, Jean (autor)
Format: Llibre
Idioma:espanyol
Publicat: México : Siglo XXI, 1981, c1981
Edició:6a edición
Col·lecció:(Historia de la Filosofía Siglo XXI ; 1)
Matèries:
Etiquetes: Afegir etiqueta
Sense etiquetes, Sigues el primer a etiquetar aquest registre!

MARC

LEADER 00000nam^a2200000^a^4500
001 000382454
005 20250521000000.0
009 20260310120743.179
020 |a 968-23-0222-6 
020 |a 968-23-0221-8 
025 |a Donación Juan Diego Castillo, 1 ejemplar 
037 |a Acervo ITESO - Biblioteca 
041 |a ESP 
082 |a 140. 9  |b SIG V. 1 
100 |a Yoyote, Jean  |e (autor) 
240 1 1 |a [Historia de la filosofía Siglo XXI] 
245 1 0 |a Historia de la filosofía Siglo XXI :  |b el pensamiento prefilosófico y oriental : Egipto, Mesopotamia, Palestina, India, China /  |c J. Yoyotte... [et al.] ; dir. de la serie de B. Parain ; tr. por María Esther Benítez... [et al.]. 
250 |a 6a edición 
264 4 |a México :  |b Siglo XXI,  |c 1981, c1981 
300 |a 391 p. 
336 |a texto  |b txt  |2 rdacontenido 
337 |a sin mediación  |b n  |2 rdamedio 
338 |a volumen  |b nc  |2 rdasoporte 
440 1 |a (Historia de la Filosofía Siglo XXI ;  |v 1) 
500 |a Traducción de: Histoire de la Philosophie 1. Encyclopédie de la Pléiade 
520 |a Colección de estudios de historia de la filosofía bajo la dirección e Brice Parain los primeros cuatro volúmenes, y luego bajo Yvon Belaval, el resto de los once que la componen. La labor de razonar es tan antigua como el hombre, pero los maneras propias de llevarla a cabo y de comunicarla son específicas de cada cultura, grupo, movimiento, ideología, etc. En esta obra se hace un recorrido más o menos cronológico de la actividad filosófica poniendo atención en los principales actores y también en las corrientes de pensamiento que se fueron originando y en las que dichos actores se pueden clasificar. 
561 |a Ex libris manuscrito de María de la Asunción Méndez, fechado en agosto de 1982 
649 |a XX 
650 |a Filosofías Orientales -  |x Historia y Crítica -  |x Tema Principal 
650 |a Mitología Egipcia 
650 |a Irak -  |x Historia -  |y Mesopotamia, 10000 a.C.-637 d.C. 
650 |a Filosofía China -  |x Historia y Crítica 
650 |a Filosofía Hindú -  |x Historia y Crítica 
650 |a Filosofía Judía -  |x Historia y Crítica 
650 |a Filosofía -  |x Historia y Crítica -  |x Tema Principal 
910 |a Fondo Castillo-Martínez 
920 |a Impresos - Libros 
930 |a Fondos Especiales 
905 |a 127 
901 |a 0500277899  |b IT2  |c ESP  |i FXC D  |u 20250521 
902 |a https://opac.biblio.iteso.mx/vufind/Record/000382454